Pracovné podmienky dočasných agentúrnych pracovníkov diplomová práca

Guardado en:
Detalles Bibliográficos
Autor principal: Kováčiková, Katarína
Autor Corporativo: Národohospodárska fakulta EU. Katedra sociálneho rozvoja a práce
Otros Autores: Klimko, Roman, 1985-
Formato: Libro
Lenguaje:eslovaco
Publicado: Bratislava 2016
Etiquetas: Agregar Etiqueta
Sin Etiquetas, Sea el primero en etiquetar este registro!

MARC

LEADER 00000nbm a2200000 4500
001 0217869
005 20161115122840.1
041 0 |a slo 
044 |a SK 
245 1 0 |a Pracovné podmienky dočasných agentúrnych pracovníkov  |b diplomová práca  |c Katarína Kováčiková ; školiteľ: Roman Klimko 
264 1 |a Bratislava  |c 2016 
300 |a 69 s. 
100 1 |a Kováčiková, Katarína 
700 1 |a Klimko, Roman, 1985- 
710 2 |a Národohospodárska fakulta EU. Katedra sociálneho rozvoja a práce